000 00310nam a22001337a 4500
008 190205b xxu||||| |||| 00| 0 eng d
020 _a9780471295426
041 _aeng
080 _a336
100 _a56
101 _aFIN
245 _aGetting Started in Technical Analysis
_cSchwager,J.D
942 _2udc
_cBK
999 _c53957
_d53957